000 00776nam a2200253Ia 4500
003 OSt
005 20220930201703.0
006 a|||||r|||| 00| 0
007 ta
008 220926b |||||||| |||| 00| 0 hin d
024 _a77525
037 _cDissertations
040 _aCRL
_cCRL
_bhin
041 _2hin
_ahin
100 _aJaipal Singh
_9566117
110 _aUniversity of Delhi. Faculty of Arts. Department of Hindi
245 0 _aShudha kavita ki khoj mein dinkar ki aalochanaa drishti
260 _c2002
650 _aHINDI LITERATURE
_923866
700 _a Dr Krishan Dutt Sharma Gu.
700 _aUniversity of Delhi. Faculty of Arts. Department of Hindi
942 _cDIS
_2CC
999 _c902263
_d902263